LIBRARY & INFORMATION CENTRE, KCAET, TAVANUR

ONLINE PUBLIC ACCESS CATALOGUE (OPAC)

Vanity fair / (Record no. 2604)

MARC details
000 -LEADER
fixed length control field 00451cam a2200193ua 4500
041 ## - LANGUAGE CODE
Language code of text/sound track or separate title eng
082 ## - DEWEY DECIMAL CLASSIFICATION NUMBER
Classification number 823.308
Item number THA/VA
100 ## - MAIN ENTRY--AUTHOR NAME
Personal name Thackeray, W M .
245 ## - TITLE STATEMENT
Title Vanity fair /
260 ## - PUBLICATION, DISTRIBUTION, ETC. (IMPRINT)
Place of publication London :
Name of publisher Blackie & Son Ltd ,
Year of publication 1963.
300 ## - PHYSICAL DESCRIPTION
Number of Pages 149 ; .
942 ## - ADDED ENTRY ELEMENTS (KOHA)
Koha item type Books
Holdings
Withdrawn status Lost status Damaged status Home library Current library Date acquired Full call number Accession Number Koha item type
Withdrawn     KAUAET Malayalam University 07/04/2012 823.308 10200 Books
Withdrawn     KAUAET Sanskrit University 07/04/2012 823.308 11100 Books
Withdrawn     KAUAET Sanskrit University 07/04/2012 823.308 4216 Books
free website counter